Online
Catalog

Obras / (Record no. 15943)

MARC details
000 -CABECERA
campo de control de longitud fija 00710nam a2200205 u 4500
001 - NÚMERO DE CONTROL
campo de control 000016408
005 - FECHA Y HORA DE LA ÚLTIMA TRANSACCIÓN
campo de control 20200929164419.0
008 - DATOS DE LONGITUD FIJA--INFORMACIÓN GENERAL
campo de control de longitud fija 100304s1969 dr r 000 0 spa d
040 ## - FUENTE DE LA CATALOGACIÓN
Centro catalogador/agencia de origen DO-SdBNP
Lengua de catalogación spa
Centro/agencia transcriptor BPHU
082 ## - NÚMERO DE LA CLASIFICACIÓN DECIMAL DEWEY
Número de clasificación xxxx
Número de documento/Ítem C352o
100 1# - ENTRADA PRINCIPAL--NOMBRE DE PERSONA
Nombre de persona Castillejo, Cristobal de,
Fechas asociadas al nombre 1490 -1550
9 (RLIN) 15883
245 10 - MENCIÓN DE TÍTULO
Título Obras /
Mención de responsabilidad, etc. Cristóbal de Castillejo; Edición y prólogo J. Domínguez Bordona.
250 ## - MENCIÓN DE EDICIÓN
Mención de edición 4a ed.
260 ## - PUBLICACIÓN, DISTRIBUCIÓN, ETC.
Lugar de publicación, distribución, etc. Madrid :
Nombre del editor, distribuidor, etc. Espasa-Calpe,
Fecha de publicación, distribución, etc. 1969.
300 ## - DESCRIPCIÓN FÍSICA
Extensión 277 p. :
Otras características físicas 19 cm.
490 1# - MENCIÓN DE SERIE
Mención de serie Clásicos Castellanos
Designación de volumen o secuencia 79
500 ## - NOTA GENERAL
Nota general Incluye referencias bibliográficas y notas al pie de las páginas.
700 1# - PUNTO DE ACCESO ADICIONAL--NOMBRE DE PERSONA
Nombre de persona Domínguez Bordona, J.
Término indicativo de función/relación pról.
9 (RLIN) 15854
830 #0 - PUNTO DE ACCESO ADICIONAL DE SERIE-TÍTULO UNIFORME
Título uniforme Clásicos Castellanos
Número de parte o sección de la obra 79
9 (RLIN) 36578
Holdings
Estado de retiro Estado de pérdida Restricciones de uso No para préstamo Código de colección Localización permanente Ubicación/localización actual Ubicación en estantería Fecha de adquisición Número de inventario Total de préstamos Signatura topográfica completa Código de barras Fecha visto por última vez Precio válido a partir de Tipo de ítem Koha
    Préstamo interno   Patrimonio Dominicano General General Depósito 04.03.2010 LF1   xxxx C352o 16408-10 25.06.2020 25.06.2020 Libro y Folleto Colección Patrimonio Dominicano

Powered by Koha